Cuatro Vientos 2: Educación alternativa holística
-д хадгалсан:
| Үндсэн зохиолч: | |
|---|---|
| Формат: | Ном |
| Хэл сонгох: | испани |
| Хэвлэсэн: |
Santiago
Cuatro Vientos
1989
|
| Хэвлэл: | 1a. ed |
| Нөхцлүүд: | |
| Шошгууд: |
Шошго нэмэх
Шошго байхгүй, Энэхүү баримтыг шошголох эхний хүн болох!
|
MARC
| LEADER | 00000nam a2200000 a 4500 | ||
|---|---|---|---|
| 001 | UCW7568 | ||
| 003 | CL-VaPUC | ||
| 008 | 930426e19890000CL |||||||||||||||||spa|d | ||
| 020 | |a 9562420018 | ||
| 082 | 0 | 4 | |a 371.3 |b OLI |2 21 |
| 100 | |a Olivos V., Elena |e autora |9 312744 | ||
| 245 | 1 | 0 | |a Cuatro Vientos 2: Educación alternativa holística |
| 250 | |a 1a. ed | ||
| 300 | |a 105 p | ||
| 942 | |c BK | ||
| 945 | |d 19930426 00:00:00 | ||
| 260 | |a Santiago |b Cuatro Vientos |c 1989 | ||
| 650 | 7 | |a HOLISMO |2 CL-VaPUC |9 312745 | |
| 650 | 7 | |a METODO GLOBAL DE ENSEÑANZA |2 CL-VaPUC |9 312746 | |
| 650 | 0 | |a Métodos de enseñanza |9 270413 | |
| 583 | |a last modification |c 19930426 00:00:00 |k Rodrigo Vera | ||
| 999 | |c 220282 |d 220280 | ||
| 952 | |0 0 |1 0 |4 0 |6 371_300000000000000_OLI_1989 |7 0 |8 A |9 212279 |a BIBEDU |b BIBEDU |d 2019-11-15 |i 2805243 |o 371.3 OLI 1989 |p 2805243 |r 2019-11-15 |w 2019-11-15 |y BK |k EDU | ||
| 952 | |0 0 |1 0 |4 0 |6 371_300000000000000_OLI_1989 |7 0 |8 A |9 212280 |a BIBEDU |b BIBEDU |d 2019-11-15 |i 4677714 |o 371.3 OLI 1989 |p 4677714 |r 2019-11-15 |w 2019-11-15 |y BK |k EPE | ||